banner-ar

DIGITAL SIGNAL TRANSMISSION / (Record no. 22505)

MARC details
000 -الفاتح
حقل البيانات ثابتة الطول 00546nam a2200193Ia 4500
008 - عناصر البيانات ثابتة الطول - معلومات عامة
حقل البيانات ثابتة الطول 140319s9999 xx 000 0 eng d
040 ## - مصدر الفهرسة
وكالة الفهرسة الأصلية GCL /
وكالة النسخ GCL
082 04 - رقم تصنيف ديوى العشرى
رقم التصنيف 621.382
رقم المادة B D
100 1# - المدخل الرئيسى - إسم شخصى
الإسم الشخصى BISSELL, C.C.
245 10 - بيان العنوان
العنوان DIGITAL SIGNAL TRANSMISSION /
بيان المسئوليه,etc BISSELL, C.C.
700 1# - المدخل الاضافى - اسم شخصى
الإسم الشخصى CHAPMAN, D.A.
260 ## - PUBLICATION, DISTRIBUTION, ETC. (IMPRINT)
تاريخ النشر أو التوزيع 1992
300 ## - الوصف المادى
التعداد 321 P
650 04 - المدخل الاضافى بالموضوع-مصطلح موضوعى
مصطلح موضوعي DIGITAL COMMUNICATIONS
650 04 - المدخل الاضافى بالموضوع-مصطلح موضوعى
مصطلح موضوعي SIGNAL PROCESSING DIGPTAL TECH
650 04 - المدخل الاضافى بالموضوع-مصطلح موضوعى
مصطلح موضوعي INTEGRATED SERVICES DIGITAL NET
942 ## - عناصر المدخل الإضافي( كوها)
مصدر التصنيف او مخطط الترفيف Dewey Decimal Classification
Koha [default] item type كتاب
260 ## - PUBLICATION, DISTRIBUTION, ETC. (IMPRINT)
-- [S.N] :
-- CAMBRIBGE UNIVERSITY PRESS ،
Holdings
حالة التراجع حالة الفقد حالة تلف ليس للاعارة المكان المؤقت الموقع الحالى تاريخ الاكتساب اجمالي اﻻعارات رقم الطلب الباركود تاريخ اخر مشاهدة تاريخ تفعيل السعر نوع وعاء كوها
        مكتبة القاهرة الكبرى مكتبة القاهرة الكبرى 03/26/2014   621.382\B D 40784 03/26/2014 03/26/2014 كتاب

Powered By

EGPV